LEADER 01094nam0-22002891i-450- 001 990002205010403321 005 20060927140841.0 035 $a000220501 035 $aFED01000220501 035 $a(Aleph)000220501FED01 035 $a000220501 100 $a20030910d1953----km-y0itay50------ba 101 0 $aeng 102 $aGB 200 1 $aDictionary of organic compounds$ethe constitution and physical and chemical properties of the principal carboncompounds and their derivates, together with the relevant literature references$feditors-in-chief sir Ian Heilbron, H.M. Bunbury$geditors A.H. Cook, E.R.H. Jones ... [et al.] 210 $aLondon$cEyre and Spottiswoode$d1953 215 $a4 v.$d27 cm 327 1 $a1.: Abadole-Cytosine$a2.: D.A.-Hystazarin$a3.: Ibogaine-Nw/Acid$a4.: Abaculactone-Zymosterol 702 1$aBunbury,$bH.M. 702 1$aHeilbron,$bIan 801 0$aIT$bUNINA$gRICA$2UNIMARC 901 $aBK 912 $a990002205010403321 952 $a80 XXV 38$b2536/37/38/39$fFFABC 959 $aFFABC 996 $aDictionary of organic compounds$9359067 997 $aUNINA